书目信息 |
| 题名: |
元素周期表说明
|
|
| 作者: | 戴安邦 , 沈孟长 编 | |
| 分册: | ||
| 出版信息: | 上海 上海科学技术出版社 1979 |
|
| 页数: | 34页 | |
| 开本: | 19cm | |
| 丛书名: | ||
| 单 册: | ||
| 中图分类: | O6-64 | |
| 科图分类: | ||
| 主题词: | 化学元素周期表 , 化学 | |
| 电子资源: | ||
| ISBN: | ||
| 000 | 00635nam0 2200241 45 | |
| 001 | 0179000513 | |
| 005 | 20060818105641.06 | |
| 010 | @dCNY0.11 | |
| 091 | @a13119.770 | |
| 100 | @a19950727d1979 em y0chiy0121 ea | |
| 101 | 0 | @achi |
| 102 | @aCN@b310000 | |
| 105 | @ay z 000yy | |
| 200 | 10 | @a元素周期表说明@Ayuan su zhou qi biao shuo ming@f戴安邦,沈孟长编 |
| 210 | @a上海@c上海科学技术出版社@d1979 | |
| 215 | @a34页@d19cm | |
| 606 | @a化学元素周期表 | |
| 606 | 0 | @a化学 |
| 690 | @aO6-64@v3 | |
| 701 | 0 | @a戴安邦@Adai an bang@4编 |
| 701 | 0 | @a沈孟长@Ashen meng chang@4编 |
| 801 | 0 | @aCN@bNLC@c20060818 |
| 905 | @dO6-64@e330 | |
| 元素周期表说明/戴安邦,沈孟长编.-上海:上海科学技术出版社,1979 |
| 34页;19cm |
| ISBN :CNY0.11 |
| ● |
| 相关链接 |
|
|
|
|
正题名:元素周期表说明
索取号:O6-64/330
 
预约/预借
| 序号 | 登录号 | 条形码 | 馆藏地/架位号 | 状态 | 备注 |
| 1 | 0014542 | 000562171 | 第三借阅区/ [索取号:O6-64/330] | 在馆 | |
| 2 | 0014543 | 000562153 | 第三借阅区/ [索取号:O6-64/330] | 在馆 | |
| 3 | 0014544 | 000562162 | 第三借阅区/ [索取号:O6-64/330] | 在馆 | |
| 4 | 0014545 | 000562144 | 第二样本阅览室/ [索取号:O6-64/330] | 在馆 | |
| 5 | 0434117 | 204341177 | 密集书库/ [索取号:O6-64/330] | 在馆 | |
| 6 | 0447369 | 204473694 | 密集书库/ [索取号:O6-64/330] | 在馆 | |
| 7 | 0468653 | 204686535 | 密集书库/ [索取号:O6-64/330] | 在馆 |